000 01729nam0a2200337 4500
001 RU\NLR\BIBL_A\010771894
005 201506220505
010 _a978-5-905763-40-3
_9500
021 _aRU
_b2015-29545
_91747
035 _a(NLR Aleph) 010771894
035 _a(NILC)RuMoRGB-007913976
090 _a10025303
_c10025303
100 _a20150529d2015 um y0rusy50 ca
101 0 _arus
102 _aRU
105 _aa|||z|||000yy
200 1 _aМетодическое пособие по определению заселенности почвы ооспорами, склероциями Pythium spp. - возбудителя корневых гнилей
_fВ. А. Лавринова, Т. С. Лавринова, И. М. Евсеева
_gСреднерусский фил. Федерального гос. бюджетного науч. учреждения "Тамбовский науч.-исследовательский ин-т сельского хоз-ва"
210 _aТамбов
_cПринт-Сервис
_d2015
215 _a17 с.
_cцв. ил.
_d21
320 _aБиблиогр.: с. 17 (7 назв.)
606 1 _aПочвы
_xАнализ на зараженность грибами рода питиум
_jМетодические пособия
_2nlr_sh2
_3RU\NLR\AUTH\6601574199
686 1 _aП032.51я8
700 1 _aЛавринова
_bВ. А.
_gВалентина Алексеевна
701 1 _aЛавринова
_bТ. С.
_gТатьяна Сергеевна
701 1 _aЕвсеева
_bИ. М.
_gИрина Михайловна
801 0 _aRU
_bРГБ
_c20150417
_gRCR
942 _cBOOK
980 _aNBR
980 _aNB